000 01793nam0a2200397 i 4500
001 RU\NLR\BIBL_A\010023243
005 20260406002221.0
010 _a9785699672165
_94000
021 _aRU
_b2013-83836
_9734д/13
035 _a(NILC)RuMoRGB-006696447
035 _a(NLR Aleph) 010023243
090 _a9912416
_c9912416
100 _a20140121d2013 dm y0rusy50 ca
101 0 _arus
102 _aRU
105 _aa||||||||||||
200 9 _aБольшая книга научных опытов для школьников
_e[для младшего школьного возраста
_aдля детей 9-12 лет]
_fСергей Болушевский, Виталий Зарапин, Мария Яковлева
210 _aМосква
_cЭксмо
_d2013
215 _a271 с.
_cцв. ил.
_d29
225 1 _aОпыты для детей и взрослых
606 _aХимический эксперимент
_jИздания для детей
_92097580
_3RU\NLR\AUTH\661268988
606 _aФизический эксперимент
_jИздания для детей
_91312809
_3RU\NLR\AUTH\66228262
610 0 _aнаучные развлечения (для детей)
686 0 _aШ9
_bГ
686 0 _aШ9
_bВ3
700 1 _aБолушевский
_bС. В.
_gСергей Владимирович
701 1 _7ca
_8rus
_aЯковлева
_bМ. А.
_cпедагог-методист
_gМария Александровна
_994681
_3RU\NLR\AUTH\77111756
701 1 _aЗарапин
_bВ. Г.
_gВиталий Георгиевич
801 0 _aRU
_bRuMoRKP
_c20121106
_gRCR
801 2 _aRU
_bРГБ
_c20131118
_grcr
801 1 _aRU
_bRuMoRKP
_c20121106
_2rusmarc
942 _cBOOK
980 _aNBR